000 00635nam a2200217Ii 4500
003 JO-AjNU
008 230606s9999||||xx |||||||||||||| ||und||
020 _a979-8-426-26969-9
040 _aJO-AjNU
_beng
_erda
_cJO-AjNU
041 _aeng
050 1 4 _aTK5105.2022
100 3 _aSaini, Madan Lal ,
_eauthor
_96549
245 0 0 _aComputer Network and Data Communication: ALL-IN-ONE ROR BEGINNERS
250 _a1ed
264 3 1 _aUSA: Coppll TX ,2022
300 _a229p
336 _atext
_btxt
_2rdacontent
337 _aunmediated
_bn
_2rdamedia
338 _avolume
_bnc
_2rdacarrier
650 4 _aComputer-Computer Networks
_96550
999 _aE3399
_c3395
_d3395